| 000 | 01193cam a22002778a 4500 | ||
|---|---|---|---|
| 001 | 17024173 | ||
| 005 | 20170105102905.0 | ||
| 008 | 111028s2012 nyu 000 0 eng | ||
| 010 | _a 2011044608 | ||
| 020 | _a9780415671903 (hardback) | ||
| 020 | _a9780203120132 (ebook) | ||
| 040 |
_aDLC _cDLC |
||
| 042 | _apcc | ||
| 050 | 0 | 0 |
_aK3165 _b.C574 2012 |
| 082 | 0 | 0 |
_a342 _223 |
| 100 | 1 | _aColon-Rios, Joel I. | |
| 245 | 1 | 0 |
_aWeak constitutionalism : _bdemocratic legitimacy and the question of constituent power / _cJoel I. Colon-Rios. |
| 260 |
_aNew York : _bRoutledge, _c2012. |
||
| 263 | _a1204 | ||
| 300 | _ap. cm. | ||
| 505 | 0 | _aIntroduction : toward a weak constitutionalism -- Constitutionalism's ends -- The second dimension of democracy -- Democracy's principles -- The theory (and practice) of constituent power -- The idea of democratic legitimacy -- The transformation of the juridical -- The beginnings of weak constitutionalism -- Activating constituent power. | |
| 650 | 0 | _aConstitutional law. | |
| 906 |
_a7 _bcbc _corignew _d1 _eecip _f20 _gy-gencatlg |
||
| 942 |
_2ddc _cBK |
||
| 999 |
_c14826 _d14826 |
||